Statystyki dla 15 najbardziej dotkniętych krajów Covid-19 - 3 września

Kliknij tutaj aby rozwiązać quiz!

Ogólne statystyki

  • Ten quiz został rozwiązany 21 razy
  • Średni wynik to 9 z 24

Statystyki odpowiedzi

kraj% Poprawnych
Stany Zjednoczone
95%
Rosja
80%
Hiszpania
70%
Wielka Brytania
70%
Brazylia
65%
Meksyk
65%
Indie
60%
Peru
45%
Argentyna
40%
Chile
40%
Chile
40%
Iran
40%
Kolumbia
40%
Republika
Południowej Afryki
35%
Boliwia
30%
Arabia Saudyjska
20%
Bahrajn
15%
Izrael
15%
Katar
15%
Kuwejt
15%
Bangladesz
10%
Oman
10%
Panama
10%
Armenia
5%

Rozkład punktacji

Percentyl według liczby udzielonych odpowiedzi

Procent ludzi z każdym wynikiem

Twoja historia wyników

Nie rozwiązałeś tego quizu